[Event "Landesliga Sued 1617"]
[Site "Bayern"]
[Date "2016.10.16"]
[Round "1.3"]
[White "Schelle, Artur"]
[Black "Lang, Zalan Andreas"]
[Result "1-0"]
[WhiteElo "2169"]
[BlackElo "2246"]
[PlyCount "97"]
[EventDate "2016.10.16"]
[EventType "team-tourn"]
[EventRounds "9"]
[EventCountry "GER"]
[SourceTitle "EXT 2019"]
[Source "ChessBase"]
[SourceDate "2018.10.10"]
[SourceVersion "1"]
[SourceVersionDate "2018.10.10"]
[SourceQuality "1"]
[WhiteTeam "Muenchen Tarrasch"]
[BlackTeam "Haunstetten"]
[WhiteTeamCountry "GER"]
[BlackTeamCountry "GER"]

1. e4 d5 2. exd5 Qxd5 3. Nc3 Qa5 4. d4 Nf6 5. Nf3 Bf5 6. Bc4 c6 7. Bd2 Qc7 8. Qe2 e6 9. d5 cxd5 10. Bxd5 a6 11. Nd4 Bg4 12. f3 Bb4 13. Bb3 Bh5 14. 0-0-0 0-0 15. g4 Bg6 16. h4 h5 17. Rhg1 Kh7 18. gxh5 Nxh5 19. Rxg6 fxg6 20. Nxe6 Qc8 21. Nd5 Bxd2+ 22. Rxd2 Re8 23. Ne7 Rxe7 24. Ng5+ Kh8 25. Qxe7 Nc6 26. Qf7 Qe8 27. Qxe8+ Rxe8 28. Rd6 Nf4 29. Nf7+ Kh7 30. Ng5+ Kh6 31. Ne6 Nxe6 32. Rxe6 Rxe6 33. Bxe6 Kh5 34. Bc8 Nd8 35. Kd2 Kxh4 36. Ke3 g5 37. b4 Kg3 38. c3 a5 39. bxa5 Nc6 40. Bxb7 Nxa5 41. Bd5 g4 42. fxg4 Kxg4 43. Kd4 Kf5 44. Kc5 Ke5 45. Bh1 Kf4 46. Kb5 Ke3 47. Kxa5 Kd3 48. Kb5 Kxc3 49. a4 1-0

[Event "Regionalliga SW 0506"]
[Site "Bayern"]
[Date "2006.01.29"]
[Round "6.3"]
[White "Baeuml, Ulrich"]
[Black "Lang, Zalan Andreas"]
[Result "1/2-1/2"]
[WhiteElo "1981"]
[BlackElo "2246"]
[PlyCount "73"]
[EventDate "2005.10.23"]
[EventType "team-tourn"]
[EventRounds "9"]
[EventCountry "GER"]
[SourceTitle "EXT 2007"]
[Source "ChessBase"]
[SourceDate "2006.11.23"]
[SourceVersion "1"]
[SourceVersionDate "2006.11.23"]
[SourceQuality "1"]

1. c4 c5 2. Nc3 Nf6 3. g3 d5 4. cxd5 Nxd5 5. Bg2 Nc7 6. Nf3 Nc6 7. 0-0 g6 8. d3 Bg7 9. Bg5 Ne6 10. Bd2 0-0 11. Rc1 Bd7 12. b3 Rc8 13. Ne4 b6 14. Bc3 Ned4 15. Nxd4 cxd4 16. Bb2 Nb4 17. a3 Nd5 18. Nd6 Rxc1 19. Qxc1 Be6 20. Nb5 Bg4 21. Nxd4 Bxd4 22. Bxd4 Bxe2 23. Re1 Bg4 24. Qg5 Be6 25. Bxd5 Qxd5 26. Qxd5 Bxd5 27. Rxe7 Ra8 28. b4 Bc6 29. Be5 Re8 30. Rxe8+ Bxe8 31. f4 Bb5 32. Bb8 Bxd3 33. Bxa7 b5 34. Kf2 f5 35. Ke3 Bc2 36. Kd4 h5 37. Ke5 1/2-1/2

[Event "Oberliga Bayern 0203"]
[Site "Bayern"]
[Date "2003.01.12"]
[Round "4.2"]
[White "Lang, Zalan Andreas"]
[Black "Renner, Christoph"]
[Result "1/2-1/2"]
[WhiteElo "2225"]
[BlackElo "2384"]
[PlyCount "63"]
[EventDate "2002.10.20"]
[EventType "team"]
[EventRounds "9"]
[EventCountry "GER"]
[SourceTitle "EXT 2004"]
[Source "ChessBase"]
[SourceDate "2003.11.25"]
[SourceVersion "1"]
[SourceVersionDate "2003.11.25"]
[SourceQuality "1"]
[WhiteTeam "Haunstetten"]
[BlackTeam "Bayern Muenchen"]
[WhiteTeamCountry "GER"]
[BlackTeamCountry "GER"]

1. c4 f5 2. Nc3 Nf6 3. g3 g6 4. Bg2 Bg7 5. d3 Nc6 6. Nf3 0-0 7. 0-0 d6 8. Rb1 a5 9. a3 Nh5 10. Qc2 f4 11. b4 axb4 12. axb4 Bg4 13. e3 fxg3 14. fxg3 Qd7 15. Bd2 Bh3 16. Nd5 Bxg2 17. Kxg2 e6 18. Nf4 Nxf4+ 19. exf4 Ra3 20. Bc1 Ra7 21. Be3 Ra3 22. Bc1 Ra7 23. Be3 b6 24. Qe2 Rfa8 25. Rf2 d5 26. b5 Ne7 27. Re1 Nf5 28. g4 Nxe3+ 29. Qxe3 dxc4 30. dxc4 e5 31. f5 Ra3 32. Qe4 1/2-1/2

[Event "Landesliga Sued 9900"]
[Site "Bayern"]
[Date "1999.10.10"]
[Round "1.3"]
[White "Lang, Zalan Andreas"]
[Black "Hofmann, Juergen2222"]
[Result "1/2-1/2"]
[WhiteElo "2200"]
[BlackElo "1985"]
[PlyCount "67"]
[EventDate "1999.10.10"]
[EventType "team-tourn"]
[EventRounds "9"]
[EventCountry "GER"]
[SourceTitle "EXT 2020"]
[Source "ChessBase"]
[SourceDate "2019.10.17"]
[SourceVersion "1"]
[SourceVersionDate "2019.10.17"]
[SourceQuality "1"]
[WhiteTeam "Haunstetten TSV"]
[BlackTeam "Graefelfing SK"]
[WhiteTeamCountry "GER"]
[BlackTeamCountry "GER"]

1. c4 e5 2. Nc3 Nf6 3. Nf3 Nc6 4. g3 d5 5. cxd5 Nxd5 6. Bg2 Nb6 7. 0-0 Bg4 8. d3 Be7 9. Be3 0-0 10. Rc1 Qd7 11. Na4 e4 12. Nxb6 axb6 13. dxe4 Qxd1 14. Rfxd1 Rxa2 15. Rb1 Rd8 16. Rxd8+ Nxd8 17. h3 Bd7 18. g4 Ne6 19. e5 Bc6 20. Nd2 Bxg2 21. Kxg2 Bc5 22. Kf3 Kf8 23. Ne4 Be7 24. Nc3 Ra5 25. Ke4 Nc5+ 26. Bxc5 Rxc5 27. Ra1 f6 28. f4 fxe5 29. fxe5 Kf7 30. Nd5 Ke6 31. Nf4+ Kf7 32. Nd5 Ke6 33. Nf4+ Kf7 34. Nd5 1/2-1/2

[Event "Landesliga Sued 9899"]
[Site "Bayern"]
[Date "1999.05.30"]
[Round "9.2"]
[White "Lang, Zalan Andreas"]
[Black "Stocker, Rupert"]
[Result "1-0"]
[WhiteElo "2205"]
[BlackElo "2110"]
[PlyCount "53"]
[EventDate "1998.11.10"]
[EventType "team-tourn"]
[EventRounds "9"]
[EventCountry "GER"]
[SourceTitle "EXT 2020"]
[Source "ChessBase"]
[SourceDate "2019.10.17"]
[SourceVersion "1"]
[SourceVersionDate "2019.10.17"]
[SourceQuality "1"]
[WhiteTeam "Haunstetten TSV"]
[BlackTeam "Groebenzell"]
[WhiteTeamCountry "GER"]
[BlackTeamCountry "GER"]

1. c4 e6 2. e4 d5 3. cxd5 exd5 4. exd5 Nf6 5. Bb5+ Nbd7 6. Nc3 Be7 7. Nge2 0-0 8. Nf4 Nb6 9. Qb3 Qd6 10. d4 Re8 11. 0-0 g5 12. Nd3 Nfxd5 13. Ne5 Bf5 14. Re1 Rf8 15. Bd2 Nxc3 16. bxc3 Be6 17. Qc2 c5 18. Bd3 cxd4 19. Bxh7+ Kg7 20. f4 Rac8 21. Nf3 dxc3 22. Be3 gxf4 23. Bd4+ f6 24. Qg6+ Kh8 25. Qh6 Rf7 26. Bf5+ Kg8 27. Bxe6 1-0

[Event "Oberliga Bayern 9798"]
[Site "Bayern"]
[Date "1998.??.??"]
[Round "?.2"]
[White "Kraft, Volker"]
[Black "Lang, Zalan Andreas"]
[Result "1-0"]
[WhiteElo "1997"]
[BlackElo "2230"]
[PlyCount "97"]
[EventDate "1997.10.??"]
[EventType "team-tourn"]
[EventRounds "9"]
[EventCountry "GER"]
[SourceTitle "EXT 2020"]
[Source "ChessBase"]
[SourceDate "2019.10.17"]
[SourceVersion "1"]
[SourceVersionDate "2019.10.17"]
[SourceQuality "1"]
[WhiteTeam "Zirndorf"]
[BlackTeam "Haunstetten TSV"]
[WhiteTeamCountry "GER"]
[BlackTeamCountry "GER"]

1. e4 g6 2. d4 Bg7 3. Nc3 d6 4. Bg5 c5 5. dxc5 Qa5 6. Qd2 Qxc5 7. Nd5 Be6 8. Be3 Qc8 9. Bd4 Nf6 10. Nxf6+ exf6 11. Qc3 Qd8 12. Bb5+ Ke7 13. 0-0-0 a6 14. Ba4 b5 15. Bb3 Nd7 16. Ne2 a5 17. Kb1 Qb8 18. Nf4 Rc8 19. Qe3 Qc7 20. Rd2 Ra6 21. h4 a4 22. Nd5+ Bxd5 23. Bxd5 h5 24. Rhd1 Nb6 25. Qf4 Nc4 26. Bxc4 Qxc4 27. Bc3 b4 28. Rd4 bxc3 29. Rxc4 Rxc4 30. Qf3 Rb6 31. b3 axb3 32. axb3 Rc5 33. Rd5 Rxb3+ 34. cxb3 c2+ 35. Kc1 Bh6+ 36. Rg5 fxg5 37. Qe3 f6 38. hxg5 Rxg5 39. g3 Ke6 40. f4 h4 41. gxh4 Rh5 42. Kxc2 Rxh4 43. b4 Bxf4 44. Qb3+ Ke7 45. b5 Be5 46. Qd5 Bh2 47. b6 Bg1 48. Qb7+ Ke6 49. Qc8+ 1-0

[Event "Landesliga Sued 9697"]
[Site "Bayern"]
[Date "1997.04.13"]
[Round "8"]
[White "Lang, Zalan Andreas"]
[Black "Lechtynsky, Jiri"]
[Result "1/2-1/2"]
[WhiteElo "2170"]
[BlackElo "2425"]
[PlyCount "68"]
[EventDate "1996.10.13"]
[EventType "team-tourn"]
[EventRounds "9"]
[EventCountry "GER"]
[SourceTitle "EXT 2020"]
[Source "ChessBase"]
[SourceDate "2019.10.17"]
[SourceVersion "1"]
[SourceVersionDate "2019.10.17"]
[SourceQuality "1"]
[WhiteTeam "Haunstetten TSV"]
[BlackTeam "Krumbach"]
[WhiteTeamCountry "GER"]
[BlackTeamCountry "GER"]

1. d4 Nf6 2. c4 g6 3. Nc3 d5 4. Nf3 Bg7 5. Qb3 dxc4 6. Qxc4 0-0 7. e4 Nc6 8. Be2 e5 9. d5 Nd4 10. Nxd4 exd4 11. Qxd4 c6 12. Qd1 Re8 13. 0-0 Nxe4 14. Nxe4 Rxe4 15. dxc6 Rd4 16. Qb3 bxc6 17. Bc4 Qc7 18. Re1 Bf5 19. Bg5 Be5 20. Bxf7+ Kg7 21. f4 Qxf7 22. Qxf7+ Kxf7 23. fxe5 Ke6 24. Re2 c5 25. b3 a5 26. Rc1 Rd5 27. Bf4 a4 28. Be3 axb3 29. axb3 Rb8 30. Rxc5 Rxc5 31. Bxc5 Rxb3 32. Bd6 Rb1+ 33. Kf2 Rc1 34. Ra2 Rc2+ 1/2-1/2

[Event "Landesliga Sued 9697"]
[Site "Bayern"]
[Date "1997.02.16"]
[Round "6"]
[White "Lang, Zalan Andreas"]
[Black "Anka, Emil"]
[Result "1-0"]
[WhiteElo "2170"]
[BlackElo "2400"]
[PlyCount "95"]
[EventDate "1996.10.13"]
[EventType "team-tourn"]
[EventRounds "9"]
[EventCountry "GER"]
[SourceTitle "EXT 2020"]
[Source "ChessBase"]
[SourceDate "2019.10.17"]
[SourceVersion "1"]
[SourceVersionDate "2019.10.17"]
[SourceQuality "1"]
[WhiteTeam "Haunstetten TSV"]
[BlackTeam "Trostberg TSV"]
[WhiteTeamCountry "GER"]
[BlackTeamCountry "GER"]

1. d4 Nf6 2. c4 e6 3. Nf3 Bb4+ 4. Bd2 Qe7 5. g3 Nc6 6. Bg2 Bxd2+ 7. Nbxd2 d6 8. 0-0 a5 9. e4 e5 10. d5 Nb8 11. Ne1 h5 12. Nd3 h4 13. Qa4+ Bd7 14. Qa3 hxg3 15. hxg3 b6 16. b4 Ng4 17. Rfe1 Ra6 18. c5 axb4 19. Qxb4 dxc5 20. Qb2 f6 21. Rec1 0-0 22. Qb3 Qf7 23. Nb2 Kh7 24. a4 Bc8 25. a5 Nd7 26. Nbc4 Qh5 27. Nf1 Kh8 28. axb6 cxb6 29. f3 Nh6 30. Qb5 Rxa1 31. Rxa1 Nf7 32. Nfe3 Ng5 33. Kf2 Nh7 34. Qc6 g6 35. Nd6 f5 36. Nxc8 fxe4 37. Rh1 Rxf3+ 38. Ke2 Rxe3+ 39. Kxe3 Qg5+ 40. Ke2 Ndf6 41. Nd6 Qg4+ 42. Kd2 e3+ 43. Kc1 Qe2 44. Qc8+ Ng8 45. Rxh7+ Kxh7 46. Qd7+ Ne7 47. Qxe7+ Kg8 48. Ne4 1-0

[Event "Oberliga Bayern 9798"]
[Site "Bayern"]
[Date "1997.??.??"]
[Round "?.2"]
[White "Kaiser, Wolfgang"]
[Black "Lang, Zalan Andreas"]
[Result "1/2-1/2"]
[WhiteElo "2355"]
[BlackElo "2230"]
[PlyCount "36"]
[EventDate "1997.10.??"]
[EventType "team-tourn"]
[EventRounds "9"]
[EventCountry "GER"]
[SourceTitle "EXT 2020"]
[Source "ChessBase"]
[SourceDate "2019.10.17"]
[SourceVersion "1"]
[SourceVersionDate "2019.10.17"]
[SourceQuality "1"]
[WhiteTeam "Passau II"]
[BlackTeam "Haunstetten TSV"]
[WhiteTeamCountry "GER"]
[BlackTeamCountry "GER"]

1. Nf3 g6 2. g3 Bg7 3. Bg2 e5 4. d3 d6 5. c4 f5 6. Nc3 Nf6 7. Bd2 0-0 8. 0-0 Nh5 9. Bg5 Qe8 10. Nd5 Rf7 11. Bc1 h6 12. e4 f4 13. Nh4 Kh7 14. Nf5 Bf8 15. b4 c6 16. Nc3 Be6 17. b5 Nd7 18. Ba3 Nc5 1/2-1/2